| 000 | 00392nam a22001697a 4500 | ||
|---|---|---|---|
| 003 | MACL | ||
| 005 | 20160114164605.0 | ||
| 008 | 160114b xxu||||| |||| 00| 0 eng d | ||
| 040 | _cMACL | ||
| 041 | _aEnglish | ||
| 082 | _a796 | ||
| 100 |
_aNarang,Priyanka _932382 |
||
| 245 | _aWalking | ||
| 260 |
_aNew Delhi _bSports Publications |
||
| 650 |
_aOut Door Games _932383 |
||
| 942 |
_2ddc _cBK |
||
| 999 |
_c52309 _d52309 |
||